000 00474nam a2200181Ia 4500
003 GCL
008 140319s9999 xx 000 0 eng d
040 _aGCL /
_cGCL
082 0 4 _a944.05
_bT D
100 1 _aTULARD, JEAN
245 1 0 _aDICTIONNAIRE NAPALEON /
_cTULARD, JEAN
260 _a[S.N] :
_bFAYARD ،
_c1989
300 _a1866 P
650 0 4 _aFRANCE - HISTORY
650 0 4 _aHISTORY
650 0 4 _aNAPOLEON 1, EMPORER OF THE FRANCE, 1769 - 1821
942 _2ddc
_cBK
999 _c21584
_d21584